Nuevo camino de América (Record no. 42510)

MARC details
000 -LEADER
campo de control de longitud fija 01731nam a2200289 i 4500
001 - NÚMERO DE CONTROL
campo de control 42510
003 - IDENTIFICADOR DE NÚMERO DE CONTROL
campo de control ES-MaACL
005 - FECHA Y HORA DE LA ÚLTIMA TRANSACCIÓN
campo de control 20230906160627.0
007 - CAMPO FIJO DE DESCRIPCIÓN FÍSICA--INFORMACIÓN GENERAL
campo de control de longitud fija t|
008 - DATOS DE LONGITUD FIJA--INFORMACIÓN GENERAL
campo de control de longitud fija 030402s1906 sp b |||| | spa d
080 ## - NÚMERO DE LA CLASIFICACIÓN DECIMAL UNIVERSAL
Número de la Clasificación Decimal Universal 625.1(64)
080 ## - NÚMERO DE LA CLASIFICACIÓN DECIMAL UNIVERSAL
Número de la Clasificación Decimal Universal 625.1(6-15)
100 1# - ENTRADA PRINCIPAL--NOMBRE DE PERSONA
Nombre de persona Fernández de Henestrosa y Mioño, Ignacio
Títulos y otros términos asociados al nombre Marqués de Camarasa.
9 (RLIN) 49663
245 10 - MENCIÓN DEL TÍTULO
Título Nuevo camino de América
Resto del título : de España por Marruecos a Canarias, Río de Oro, Fernando Poo, Guinea Española y a América del Sur : Sumario: 1º. Un artículo de la revista "Ateneo". 2º. Un artículo para el periódico de Buenos Aires el "Diario Español". 3º. Una carta al Embajador de España en París /
Mención de responsabilidad, etc. [El Conde de Moriana, Marqués de Camarasa].
260 ## - PUBLICACIÓN, DISTRIBUCIÓN, ETC.
Lugar de publicación, distribución, etc. Madrid :
Nombre del editor, distribuidor, etc. [s.n.],
Fecha de publicación, distribución, etc. 1906 (
Fabricante Est. Tip. de Fortanet)
300 ## - DESCRIPCIÓN FÍSICA
Extensión 16, 12, 17 p. :
Otras características físicas il., mapa ;
Dimensiones 27 cm.
490 1# - MENCIÓN DE SERIE
Mención de serie España paso de mundo
505 8# - NOTA DE CONTENIDO CON FORMATO
Nota de contenido con formato Contiene con port. y pag. propia: ;
Título Nuevo camino de América: de Madrid por Marruecos a América del Sur: enlace ferroviario de España con Río de Oro y Canarias: España centro del mundo,(
Información miscelánea [publ. originalmente en: Ateneo, n. 2 (feb. 1906)]) ;
Título Ferrocarril ibero-afro-americano: artículo escrito a petición del... señor... Andrés Mellado para el periódico de Buenos Aires "El Diario Español" ;
-- De Madrid por Marruecos a América del Sur: carta al... Marqués del Muni
650 14 - PUNTO DE ACCESO ADICIONAL DE MATERIA--TÉRMINO DE MATERIA
Término de materia o nombre geográfico como elemento de entrada Ferrocarriles-
Subdivisión geográfica Marruecos.
9 (RLIN) 151520
650 ## - PUNTO DE ACCESO ADICIONAL DE MATERIA--TÉRMINO DE MATERIA
Término de materia o nombre geográfico como elemento de entrada Ferrocarriles-
Subdivisión geográfica África.
9 (RLIN) 176219
740 0# - ENTRADA AGREGADA--TÍTULO RELACIONADO/ANALÍTICO NO CONTROLADO
Título relacionado o analítico no controlado Nuevo camino de América.
740 0# - ENTRADA AGREGADA--TÍTULO RELACIONADO/ANALÍTICO NO CONTROLADO
Título relacionado o analítico no controlado Ferrocarril ibero-afro-americano.
740 0# - ENTRADA AGREGADA--TÍTULO RELACIONADO/ANALÍTICO NO CONTROLADO
Título relacionado o analítico no controlado De Madrid por Marruecos a América del Sur.
830 0# - PUNTO DE ACCESO ADICIONAL DE SERIE-TÍTULO UNIFORME
Título uniforme España paso de mundo
9 (RLIN) 229823
852 ## - LOCALIZACIÓN
Ubicación ES-MaACL
Número de control de estantería T-1071-F-5
Holdings
Estatus retirado Estado de pérdida Estado de daño No para préstamo Colección Biblioteca de origen Biblioteca actual Ubicación en estantería Fecha de adquisición Fuente de adquisición Total de préstamos Signatura topográfica completa Código de barras Visto por última vez Precio de reemplazo Tipo de ítem Koha
        Colección de folletos Biblioteca del Ateneo de Madrid Biblioteca del Ateneo de Madrid Depósito folletos 17/01/2008     T-1071-F-5 1044750 23/02/2023 23/02/2023 Folleto